Statistics for Cities Starting with F in Chinese Pinyin

Click here to take the quiz!

General Stats

  • This quiz has been taken 16 times
  • The average score is 6 of 7

Answer Stats

HintAnswer% Correct
Fǔ ShānBusan
86%
Fèi Sà Lā Bā DéFaisalabad
86%
Fēi SīFes
86%
Fú Tǎ Lái SàFortaleza
79%
Fǎ Lán Kè FúFrankfurt
79%
Fó Luó Lún SàFlorence
71%
Fèi Chéng (Fèi Lā Dé Ěr Fēi Yà)Philadelphia
71%

Score Distribution

Percentile by Number Answered

Percent of People with Each Score

Your Score History

You have not taken this quiz